The Second Fiddle

Saved in:
Bibliographic Details
Main Author: Bottome, Phyllis, 1884-1963
Other Authors: Price, Norman (Illustrator)
Format: Electronic eBook
Language:English
Published: Project Gutenberg, 2012
Series:Project Gutenberg 41107
Online Access:http://www.gutenberg.org/etext/41107
Rights
Tags: Add Tag
No Tags, Be the first to tag this record!
Call Number :

MARC

LEADER 00000cam a22000003a 4500
001 69799
003 MY-KLNDU
005 20241219030808.0
008 210402s2012||||xxu|||||s|||||000 | eng d
035 |a (PGUSA)41107 
039 9 |y 202104022238  |z VLOAD 
040 |a PGUSA  |b eng 
042 |a dc 
100 1 |a Bottome, Phyllis, 1884-1963 
245 1 4 |a The Second Fiddle  |h [electronic resource] /  |c by Phyllis, 1884-1963 Bottome; illustrated by Norman Price 
260 |b Project Gutenberg,  |c 2012 
500 |a Project Gutenberg 
506 |a Freely available. 
516 |a Electronic text 
599 |a Dummy Record 
700 1 |a Price, Norman,  |e Illustrator 
830 0 |a Project Gutenberg  |v 41107 
856 4 0 |u http://www.gutenberg.org/etext/41107 
856 4 2 |u http://www.gutenberg.org/license  |3 Rights 
999 |a vtls000082588  |c 69799  |d 69799